000 00493nam a2200181Ia 4500
999 _c29447
_d29447
003 OSt
005 20201117104226.0
008 190216s9999||||xx |||||||||||||| ||und||
020 _a9788122607789
040 _coclc
082 _a894.8123
_bHAR/B
100 _aHarikumar, B
_96422
245 0 _aBhooripaksham /
_cB Harikumar
260 _bCurrent Books,
_aThrissur:
_c2009.
300 _a252p
650 _aNovel
942 _cBK
_2ddc
_h894.8123
_iHAR/B
_k894.8123
_mHAR/B